000
00214 a2200097 4500
001
4506
100
_a
Glicksman,A.M
245
_a
Linear programming & theory of games
260
_a
_b
Wiley
_c
090
_c
3704
_d
3704
942
_a
NUST-CAE
_c
M
_c
29939
999
_c
239579
_d
239579